000 00290nam a22001217a 4500
008 260530b |||||||| |||| 00| 0 eng d
082 _a001902
100 _aRao, Jaya L
245 _aMantrakshate
260 _aBangalore
_bPoorna Prajna Samshodhan Trust
_c2010
300 _a74p
942 _2ddc
999 _c1480
_d1480